LEADER 03043 am 2200673 n 450 001 9910220064003321 005 20171003 010 $a88-99200-94-7 010 $a88-99982-02-3 010 $a88-99982-01-5 024 7 $a10.4000/books.aaccademia.2070 035 $a(CKB)4100000000588754 035 $a(FrMaCLE)OB-aaccademia-2070 035 $a(oapen)https://directory.doabooks.org/handle/20.500.12854/50788 035 $a(PPN)220898049 035 $a(EXLCZ)994100000000588754 100 $a20171004j|||||||| ||| 0 101 0 $afre 135 $auu||||||m|||| 181 $ctxt$2rdacontent 182 $cc$2rdamedia 183 $acr$2rdacarrier 200 13$aLe jardin $eRécits et réflexions sur le travail para-théâtral de Jerzy Grotowski entre 1973 et 1985 /$fFrançois Kahn 210 $aTorino $cAccademia University Press$d2017 215 $a1 online resource (152 p.) 311 $a88-99200-93-9 330 $aLes évangiles, canoniques ou apocryphes, écrivent quelque chose que le maître n?avait pas l?intention d?écrire. Ce sont des témoignages à la fois de l?intérieur et de l?extérieur. François Kahn fait la même chose avec Jerzy Grotowski, l?un des plus grands maîtres du siècle passé. Témoignage : martyr (auto-exposition totale) et trahison. C?est son vécu qui accueille l?écho d?une présence et la trace d?une transmission ; c?est la contradiction sans solution entre un sens, saisissable et transmissible seulement à travers la vie des corps, et une écriture qui voudrait le représenter. Une aide, pas un texte sacré ni un manuel de recettes, encore moins un guide de tourisme culturel, mais un savoir qui met en évidence la complexité de la question essentielle : comment devenir soi-même. Par un choix scrupuleux des paroles et une composition colorée et fluide, Kahn a créé ce que suggérait l?enseignant : un jardin, un beau jardin, pas un engin insensé de l?ego. Il n?est pas difficile de prévoir que ce Jardin aura, au cours du temps, de nombreux et passionnés lecteurs 517 $ajardin 606 $aPhilosophy 606 $aLiterature (General) 606 $aGrotowski 606 $aego 606 $adiventare sé 606 $adevenir soi-même 606 $abecoming yourself 606 $aich 606 $asich selbst werden 606 $aconvertirse en uno mismo 610 $aGrotowski 610 $asich selbst werden 610 $aich 615 4$aPhilosophy 615 4$aLiterature (General) 615 4$aGrotowski 615 4$aego 615 4$adiventare sé 615 4$adevenir soi-même 615 4$abecoming yourself 615 4$aich 615 4$asich selbst werden 615 4$aconvertirse en uno mismo 700 $aKahn$b François$01317339 701 $aAttisani$b Antonio$0158322 701 $aMotta Lima$b Tatiana$01317340 801 0$bFR-FrMaCLE 906 $aBOOK 912 $a9910220064003321 996 $aLe jardin$93032926 997 $aUNINA LEADER 03382nas 2201093-a 450 001 9910131327203321 005 20260218112419.0 035 $a(DE-599)ZDB2170921-X 035 $a(CKB)110978979115659 035 $a(CONSER)---87658166- 035 $a(DE-599)2170921-X 035 $a(EXLCZ)99110978979115659 100 $a20770819a19769999 -f- a 101 0 $aeng 181 $ctxt$2rdacontent 182 $cc$2rdamedia 183 $acr$2rdacarrier 200 00$aEnvironmental health criteria 210 $aGeneva $cWorld Health Organization$d1976- 215 $a1 online resource 300 $aRefereed/Peer-reviewed 300 $aAt head of title: International Programme on Chemical Safety, <1986->. 300 $aSeparately cataloged in LC before no. 57. 311 08$aPrint version: Environmental health criteria. 0250-863X (DLC) 87658166 (OCoLC)3201366 517 1 $aEHC 531 $aENVIRON HEALTH CRITER 531 0 $aEnviron. health criter. 606 $aToxicology 606 $aPollution 606 $aEnvironmental health 606 $aPollutants 606 $aEnvironmental Pollutants 606 $aEnvironmental Pollution 606 $aToxicology 606 $aHygiène du milieu$vCollections 606 $aToxicologie 606 $aPollution 606 $aPolluants 606 $atoxicology$2aat 606 $apollutants$2aat 606 $aEnvironmental health: periodicals$2albt//swe 606 $aPollutants$2fast$3(OCoLC)fst01070047 606 $aEnvironmental health$2fast$3(OCoLC)fst00912999 606 $aToxicology$2fast$3(OCoLC)fst01153364 606 $aPollution$2fast$3(OCoLC)fst01070069 606 $aGevaarlijke stoffen$2gtt 606 $aToxiciteit$2gtt 606 $aBlootstelling$2gtt 606 $aGezondheidseffecten$2gtt 606 $aArbeidshygiëne$2gtt 606 $aCHEMICALS$2unbist 606 $aCHEMICAL SAFETY$2unbist 606 $aENVIRONMENTAL HEALTH$2unbist 606 $aPOLLUTION$2unbist 608 $aPeriodical. 608 $aPeriodicals.$2rbgenr 615 0$aToxicology. 615 0$aPollution. 615 0$aEnvironmental health. 615 0$aPollutants. 615 2$aEnvironmental Pollutants. 615 2$aEnvironmental Pollution. 615 2$aToxicology. 615 6$aHygiène du milieu 615 6$aToxicologie. 615 6$aPollution. 615 6$aPolluants. 615 7$atoxicology. 615 7$apollutants. 615 7$aEnvironmental health: periodicals. 615 7$aPollutants. 615 7$aEnvironmental health. 615 7$aToxicology. 615 7$aPollution. 615 17$aGevaarlijke stoffen. 615 17$aToxiciteit. 615 17$aBlootstelling. 615 17$aGezondheidseffecten. 615 17$aArbeidshygiëne. 615 07$aCHEMICALS. 615 07$aCHEMICAL SAFETY. 615 07$aENVIRONMENTAL HEALTH. 615 07$aPOLLUTION. 676 $a363.1/7 712 02$aUnited Nations Environment Programme. 712 02$aWorld Health Organization. 712 02$aInternational Labour Organisation. 712 02$aCommission of the European Communities. 712 02$aInternational Program on Chemical Safety. 906 $aJOURNAL 912 $a9910131327203321 920 $aexl_impl conversion 996 $aEnvironmental health criteria$9795025 997 $aUNINA